000 00982nam a2200337 4500
001 00187147
003 DO-SdBNP
005 20180220150902.0
007 00187147
008 870410s1985 sp a 000 spa
016 7 _a
_z
_2BPMSU
017 _a
_b
020 _a8422659018
035 _a
040 _aBPMSU
_bspa
_cBPMSU
_e
041 1 _aspa
_h
080 0 _a
100 1 _aVan Leeuwen, Jean
240 1 0 _aGreat rescue operation
_lespañol
245 1 0 _aOperación rescate
_cJean Van Leeuwen ; traducción de Fidel Castellanos ; ilustraciones, Jesús Gabán
_h
260 _aMadrid :
_bSM,
_c1985
300 _a121 p. :
_bil. ;
_c19 cm
490 0 _aEl Barco de vapor
500 _aTraducción de: The great rescue operation
700 1 _aCastellanos, Fidel
_etr.
700 1 _aGabán, Jesús
_d1957-
_eil.
830 _aEl Barco de vapor
942 _2ddc
_cBK
945 _aInventariado, 2018 / BT
956 _aVMATEO
_210
_320160408
_6BPMSU
_80069
999 _c9644
_d9644